Sunshine English courre 3

Сохранить в:
Библиографические подробности
Формат:
Метки: Добавить метку
Нет меток, Требуется 1-ая метка записи!
Thư viện lưu trữ: Mạng thư viện Đại học Đà Nẵng
LEADER 00399nam a22001691a 4500
001 000037116
003 13411
005 20160412015100.0
008 160412s0 000
082 |a 4N(TK)60-62 
245 |a Sunshine English courre 3 
OWN |a LNN 
999 |a From the UDN01 
TYP |a Monograph 
980 |a Mạng thư viện Đại học Đà Nẵng